000 00463nam a2200181Ia 4500
001 2687
005 20260306144825.0
008 260306t2010||||xx |||||||||||||| ||spa||
041 _aESP
082 _a211
_bN49
100 _aNewman, John Henry
_eAUT
245 0 _aEl asentimiento religioso:
_bensayo sobre los motivos racionales de la fe
260 _c2010
300 _a421 páginas :
_c22 cm.
650 _aGEN
654 _aCHU
942 _cLIB
_dJUS
_fJUS
_2ddc
_n
999 _c2687
_d2687